000
00314nam a22001337a 4500
020
_a
9788120341661
082
_a
670.423
_b
JOH/ME
100
_a
John, K. C
_9
266
245
_a
Mechanical Workshop Practice
250
_a
2
260
_a
New Delhi
_b
PHI Leearning Private Limited
_c
2012
300
_a
233
942
_c
BK
999
_c
14205
_d
14205